000 01825nam0a2200397 4500
001 RU\NLR\bibl\1456752
005 20260406062734.0
010 _a978-5-49807-232-6
_93000
021 _aRU
_b2009-90691
_95722
035 _a(nilc)RSL-KNO-004411584
035 _a(NLR Aleph) 001448548
090 _a1508309
_c1508309
100 _a20091105d2010 |||y0rusy50 ca
101 0 _arus
102 _aRU
105 _aa |||||||||
200 1 _aКомпьютерная графика: Photoshop CS4, CorelDRAW X4, Illustrator CS4
_fЮ. Гурский, И. Гурская, А. Жвалевский
210 _aСанкт-Петербург [и др.]
_cПитер
_d2010
215 _a794 с., [32] с. цв. ил.
_cил.
_d24
_e[1] электрон. опт. диск (CD-ROM)
225 1 _aТрюки и эффекты
606 1 _aADOBE PHOTOSHOP CS 4, графический редактор
_92558972
_3RU\NLR\auth\661513819
606 1 _aCOREL DRAW X4, графический редактор
_92531194
_3RU\NLR\auth\661499264
606 1 _aADOBE ILLUSTRATOR CS 4, графический редактор
_92570359
_3RU\NLR\auth\661520009
686 _aЗ973.26-044.4-018.3я78-5
_2rubbk
686 _aЗ973.235-018.3-5-05я78-5
_2rubbk
686 _aЗ973.2-018.3
700 1 _4070
_8rus
_7ca
_aГурский
_bЮ. А.
_gЮрий Анатольевич
_3RU\NLR\AUTH\7727386
_910420
701 1 _4070
_8rus
_7ca
_aГурская
_bИ. В.
_gИрина Владимировна
_3RU\NLR\AUTH\7774032
_956960
701 1 _4070
_8rus
_7ca
_aЖвалевский
_bА. В.
_f1967-
_gАндрей Валентинович
_3RU\NLR\AUTH\7721526
_94588
801 0 _aRU
_bРГБ
_c20091105
_grcr
801 1 _aRU
_bРГБ
_c20091105
801 2 _aRU
_bNLR
_c20091223
_grcr
942 _cBOOK
980 _aNB